Normal view MARC view
  • Social change

Entry Topical Term

Number of records used in: 2

001 - CONTROL NUMBER

  • control field: 13036

003 - CONTROL NUMBER IDENTIFIER

  • control field: NUST

005 - DATE AND TIME OF LATEST TRANSACTION

  • control field: 20190110101607.0

008 - FIXED-LENGTH DATA ELEMENTS

  • fixed length control field: 190110|| aca||aabn | a|a d

040 ## - CATALOGING SOURCE

  • Original cataloging agency: NUST
  • Transcribing agency: NUST

150 ## - HEADING--TOPICAL TERM

  • Topical term or geographic name entry element: Social change
  • Geographic subdivision: Pakistan.

670 ## - SOURCE DATA FOUND

  • Source citation: Work cat.: (NUST)0: 880-01 Mumtāzuddīn, (Educationalist) author. 13035, Samājī aur siyāsī tabdīlī magar kese? /
© 2023 Central Library, National University of Sciences and Technology. All Rights Reserved.